Reingeniería de negocios

Wedi'i Gadw mewn:
Manylion Llyfryddiaeth
Prif Awdur: Bravo Carrasco, Juan (Awdur)
Fformat: Llyfr
Iaith:Sbaeneg
Cyhoeddwyd: Quilpué Universitaria 1995
Pynciau:
Tagiau: Ychwanegu Tag
Dim Tagiau, Byddwch y cyntaf i dagio'r cofnod hwn!

MARC

LEADER 00000nam a2200000 a 4500
001 UCZ6920
003 CL-VaPUC
008 951219e19950000CL |||||||||||||||||spa|d
082 0 4 |a 658.406  |b BRA  |2 21 
100 0 |a Bravo Carrasco, Juan  |e author  |9 351551 
245 1 0 |a Reingeniería de negocios 
300 |a 300 p 
942 |c BK 
945 |d 19951219 00:00:00  |a rleighto 
260 |a Quilpué  |b Universitaria  |c 1995 
650 0 |a Ingeniería   |9 259380 
650 7 |a INGENIERIA DE GESTION  |2 CL-VaPUC  |9 351552 
650 0 |a Organización  |9 256369 
650 0 |a Empresa  |9 350507 
650 0 |a Costos   |9 261063 
650 0 |a Planificación estratégica   |9 259735 
650 0 |a Tecnología  |9 256742 
650 0 |a Gestión de la producción   |9 259467 
583 |a last modification  |c 19951219 00:00:00  |k Rodrigo Vera 
999 |c 243065  |d 243063 
952 |0 0  |1 0  |4 0  |6 658_406000000000000_BRA_1995  |7 0  |8 A  |9 256471  |a BIBENE  |b BIBENE  |d 2019-11-19  |i 3162117  |o 658.406 BRA 1995  |p 3162117  |r 2025-01-15  |w 2019-11-19  |y BK  |k ICO